000 00766aam a2200277 i 4500
001 788
003 CO-MdBIC
005 20210904084348.0
008 210904t2002 sp abo|| |||| 00| 0 eng d
020 _a84-239-2679-6
040 _bspa.
_aCO-MdFUSB
_cCO-MdFUSB
_dCO-MdFUSBC
_erda
041 0 _aspa
082 0 4 _aR 909 A4542h
245 1 0 _aHistoria universal / Juan Ignacio Alonso Campos, Editor.
_c/
260 _aMadrid, España : Espasa-Calpe
264 1 _aMadrid, España :
_bEspasa,
_c[2002]
264 4 _c© 2002
300 _a1440 Pág.
_c;
336 _2rdacontent
_atexto
_btxt
337 _2rdamedia
_asin mediación
_bn
338 _2rdacarrier
_avolumen
_bnc
653 _aHistoria
653 _auniversal
942 _cBK
945 _aEstudiante
999 _c32232
_d32232